Szczegóły MARC21

Democratization and research methods /

003 -Nazwa inst., której nr kontr. jest w polu 001 [,]
    • @
    • Nazwa instytucji, której n kontrolny jest w polu 001
    • NUKAT
005 -DATA I CZAS OSTATNIEJ MODYFIKACJI [,]
    • @
    • pole kontrolne
    • 20241231100514.0
020 -Międzynarod. znormalizowany nr książki - ISBN [ , ]
    • a
    • Numer ISBN
    • 9780521830324 Find
    • q
    • Dopowiedzenie
    • hardback
020 -Międzynarod. znormalizowany nr książki - ISBN [ , ]
    • a
    • Numer ISBN
    • 9780521537278 Find
    • q
    • Dopowiedzenie
    • paperback
040 -Instytucja sporządzająca opis [ , ]
    • a
    • Instytucja, która sporządziła opis (NP)
    • Ł U/BWSM
    • c
    • Instytucja, która sporządziła rekord (NP)
    • Ł U/BWSM
    • d
    • Instytucja, która zmodyfikowała rekord (P)
    • Ł U/AK
    • d
    • Instytucja, która zmodyfikowała rekord (P)
    • Ł U/KFs
942 -Rodzaj dokumentu [ , ]
    • c
    • Rodzaj dokumentu
    • Książka
100 -Hasło główne - nazwa osobowa [1, ]
    • a
    • Nazwa osobowa (NP)
    • Coppedge, Michael
    • d
    • Daty biograficzne (NP)
    • (1957- ).
    • 9
    • KHW
    • 85719
245 -Strefa tytułu i oznaczenia odpowiedzialności [1,0]
    • a
    • Tytuł
    • Democratization and research methods / Find
    • c
    • Pozostałe elementy strefy tytułu i oznaczenia odpowiedzialności (NP)
    • Michael Coppedge.
250 -Strefa wydania [ , ]
    • a
    • Oznaczenie wydania (NP)
    • Repr.
260 -Strefa adresu wydawniczego [ , ]
    • a
    • Miejsce wydania (P)
    • New York :
    • b
    • Nazwa wydawcy (P)
    • Cambridge University Press,
    • c
    • Data wydania (P)
    • 2013.
300 -Strefa opisu fizycznego [ , ]
    • a
    • Określenie formy książki i/lub objętość (NP)
    • XVII, 357 s. :
    • b
    • Oznaczenie ilustracji (NP)
    • il. ;
    • c
    • Format (NP)
    • 26 cm.
336 -Typ zawartości [ , ]
    • a
    • Termin opisujący typ zawartości
    • Tekst
    • b
    • Kod określający zawartość
    • txt
    • 2
    • Źródło (terminu i kodu)
    • rdacontent
337 -Typ mediów [ , ]
    • a
    • Tryb odtwarzania
    • Bez urządzenia pośredniczącego
    • b
    • Kod typu mediów
    • n
    • 2
    • Źródło (terminu i kodu)
    • rdamedia
338 -Typ/rodzaj nośnika [ , ]
    • a
    • Hasło opisujące typ nośnika
    • Wolumin
    • b
    • Kod typu nośnika
    • nc
    • 2
    • Źródło (terminu i kodu)
    • rdacarrier
490 -Strefa serii i książki wielotomowej - forma nie do wyszukiwania [1, ]
    • a
    • Tytuł (P)
    • Strategies for Social Inquiry Find
830 -Hasło dodatkowe serii i opisu książki wielotomowej - tytuł ujednolicony/tytuł [ ,0]
    • a
    • Tytuł ujednolicony/tytuł (NP)
    • Strategies for Social Inquiry
    • 9
    • KHW
    • 85720
504 -Uwaga dot. bibliogr. załącznikowej [ , ]
    • a
    • Uwaga dot. bibliografii załącznikowej
    • Indeks.
080 -Uniwersalna Klasyfikacja Dziesiętna [ , ]
    • 2
    • Identyfikator wydania tablic
    • UDC-P058
    • 9
    • UKD
    • 2840
    • a
    • Symbol klasyfikacji
    • 32-027.21
    • b
    • Dopowiedzenie
    • Teoria polityki.
    • 4
    • UKD2
    • 7644
    • x
    • Poddział wspólny
    • =111
    • c
    • Dopowiedzenie poddz. wspólnego
    • =Język angielski.
080 -Uniwersalna Klasyfikacja Dziesiętna [ , ]
    • 2
    • Identyfikator wydania tablic
    • UDC-P058
    • 9
    • UKD
    • 2709
    • a
    • Symbol klasyfikacji
    • 303.4/.8
    • b
    • Dopowiedzenie
    • Metody i techniki badań społecznych. Rodzaje badań. Strategia badań. Projektowanie badań. Surveye. Badania ankietowe. Ankiety. Dobór prób. Wywiady. Kwestionariusze. Opracowanie wyników. Organizacja badań. Socjometria. Metoda biograficzna w socjologii (biogramy)
    • 4
    • UKD2
    • 7644
    • x
    • Poddział wspólny
    • =111
    • c
    • Dopowiedzenie poddz. wspólnego
    • =Język angielski.
080 -Uniwersalna Klasyfikacja Dziesiętna [ , ]
    • 2
    • Identyfikator wydania tablic
    • UDC-P058
    • 9
    • UKD
    • 2854
    • a
    • Symbol klasyfikacji
    • 321.7
    • b
    • Dopowiedzenie
    • Demokracja.
    • 4
    • UKD2
    • 7644
    • x
    • Poddział wspólny
    • =111
    • c
    • Dopowiedzenie poddz. wspólnego
    • =Język angielski.
650 -Hasło przedmiotowe [ ,7]
    • a
    • Hasło przedmiotowe
    • Demokratyzacja
    • x
    • Określnik rzeczowy
    • badania
    • x
    • Określnik rzeczowy
    • metodologia.
    • 2
    • Źródło terminu
    • kaba
    • 9
    • KHW
    • 385094
650 -Hasło przedmiotowe [ ,7]
    • a
    • Hasło przedmiotowe
    • Polityka porównawcza
    • x
    • Określnik rzeczowy
    • metodologia
    • x
    • Określnik rzeczowy
    • ocena.
    • 2
    • Źródło terminu
    • kaba
    • 9
    • KHW
    • 385093
980 -Symbol UKD [ , ]
    • a
    • UKD
    • 32-027.21:303.4/.8:321.7]=111
710 -Hasło dodatkowe - nazwa ciała zbiorowego [2, ]
    • a
    • Nazwa ciała zbiorowego lub nazwa geograficzna jako pierwszy element (NP)
    • Cambridge University Press.
    • 4
    • Kod relacji
    • pbl
    • 9
    • KHW
    • 615085
920 -ISBN [ , ]
    • a
    • ISBN
    • 978-0-521-83032-4 Find
    • q
    • Dopowiedzenie
    • hardback
920 -ISBN [ , ]
    • a
    • ISBN
    • 978-0-521-53727-8 Find
    • q
    • Dopowiedzenie
    • paperback
Lokalizacja Data inwentaryzacji Status udost. Numer inwentarzowy Sygnatura
T2014-07-14-2T.18168T.18168